| 000 | 004430000a22001810004500 | ||
|---|---|---|---|
| 003 | MACL | ||
| 005 | 20160105161453.0 | ||
| 008 | 160105b xxu||||| |||| 00| 0 eng d | ||
| 040 |
_aMACL _cMACL |
||
| 041 | _aEnglish | ||
| 082 | _a823/MON | ||
| 100 |
_aMonsarrat, Nicholas _928224 |
||
| 245 | _aSomething to hide | ||
| 260 |
_bCassell And Company Ltd _c1965 _aLondon |
||
| 350 | _a15 | ||
| 650 |
_aStories _928225 |
||
| 942 |
_cBK _k823/MON _2ddc |
||
| 999 |
_c35301 _d35301 |
||